| 000 | 00478nam a2200169Ia 4500 | ||
|---|---|---|---|
| 008 | 231217s9999 xx 000 0 und d | ||
| 020 | _a8178813084 | ||
| 041 | _aEnglish | ||
| 082 | _a658.834 JAY;1 R | ||
| 100 | _aJaya Krishna, S ed. | ||
| 245 | 0 | _aSupply chain performance management : concepts and cases | |
| 260 |
_c2004 _bICFAI _aHyderabad |
||
| 300 | _ax+194 | ||
| 500 | _aContent page available | ||
| 650 | _aSupply,chain,performance,management,: | ||
| 942 | _cAA | ||
| 999 |
_c180293 _d180293 |
||